000 00449nam a2200145 4500
003 OSt
082 _a631.587
_bREV/IM
088 _aT 636
100 _aRevathi N
_97191
245 _aImpact of soil and water conservation measures on LULC and groundwater in Olanthichira watershed, Malappuram /
260 _aTavanur :
_bDepartment of Irrigation and Drainage Engineering,
_c2025
300 _a123p.
700 _aSajeena S (Guide)
_93197
942 _cTH
999 _c19420
_d19420